Perros y promos : (Registro nro. 21787)

Detalles MARC
000 -Cabecera
Campo de control interno 00917nam a2200265Ia 4500
005 - Fecha y hora del registro
control field 20260320113312.0
008 - Elementos de Longitud Fija
fixed length control field 260320s9999||||xx |||||||||||||| ||und||
020 ## - ISBN
ISBN 9786123262204
041 ## - Idioma
Codigo Idioma ESP
082 ## - DEWEY y NOTACIÓN INTERNA
Dewey 303.6250985
Notación Interna B163
100 ## - AUTOR
Autor denominación Boesten, Jelke,
Término de relación autor
245 #0 - TÍTULO DE MATERIAL BIBLIOGRÁFICO
Título Perros y promos :
Título paralelo memoria, violencia y afecto en el Perú posconflicto
246 ## - TÍTULO TRADUCIDO
Título
Título paralelo
Autor
250 ## - EDICIÓN
Edición Primera edición
260 ## - CIUDAD, EDITORIAL, AÑO
Ciudad Lima :
Nombre de la Editorial IEP Instituto de Estudios Peruanos,
Año 2023
300 ## - DESCRIPCIÓN
N° Páginas 256 páginas :
Otros detalles ilustraciones ;
Dimensiones 21 cm.
Material Adicional
440 ## - MENCIÓN DE SERIE
Título de la Serie (Estudios sobre memoria y violencia
Número de Serie ; número 12)
Volumen de Serie
650 ## - TEMAS
Temas Ciencias Sociales
653 ## - DESCRIPTORES
Lenguajes no controlado Sendero Luminoso - Perú; Fuerzas armadas - Perú; Violencia política - Perú
654 ## - PROGRAMAS
Programa Dpto. de Humanidades
700 ## - OTROS AUTORES
Otros autores Gavilán, Lurgio,
Títulos y otras palabras asociadas con el nombre autor
856 ## - URL - UBICACIÓN
URI/URL: Enlace exacto del recurso <a href="https://www-jstor-org.ucsp.lookproxy.com/">https://www-jstor-org.ucsp.lookproxy.com/</a>
Nota pública: Versión digital <a href="Véase además: Base de datos JSTOR">Véase además: Base de datos JSTOR</a>
942 ## - ELEMENTOS DE KOHA
Tipo de documento Libro
Nombre del creador Justo Noguera
Código de catalogador Margarita Torres
Esquema de clasificación Dewey Decimal Classification
Suppress in OPAC
Existencias
Codigo completo Registro Colección Copia número Disponibilidad Tipo de préstamo Biblioteca Actual Procedencia (Biblioteca) Ubicacón Fecha Ingreso Tipo de Adquisición Date last seen Total checkouts Price effective from Tipo de Item Estado del Material Fuente de Clasificación Damaged status Withdrawn status
303.6250985 B163 1085347 Universidad Católica San Pablo 1 Disponible Disponible Víctor Andrés Belaunde Víctor Andrés Belaunde Planta baja abierta 07/04/2026 Compra 07/04/2026   07/04/2026 Libro Bueno Dewey Decimal Classification